000 00272nam a2200121Ia 4500
008 220204s9999 xx 000 0 und d
082 _a059
_bBOO
100 _aBoorer, Michael
245 0 _aAnimals
260 _aLondon
_bMacmillan
_c1978
650 _aAnimals
942 _cBK
999 _c32784
_d32784